Welfare economics and the economics of socialism : Towards a commonsense critique

Na minha lista:
Detalhes bibliográficos
Autor principal: Dobb Maurice
Formato: Livro
Publicado em: London : Cambridge university press, 1970.
Assuntos:
Tags: Adicionar Tag
Sem tags, seja o primeiro a adicionar uma tag!

MARC

LEADER 00000nam a22000007a 4500
020 |a 521074622  |c NA 
040 |a MUL  |b eng.  |e AACR 
082 |a 330.155 DOB 
100 |a Dobb Maurice 
245 |a Welfare economics and the economics of socialism :  |b Towards a commonsense critique  |c / Maurice Dobb 
260 |a London :  |b Cambridge university press,  |c 1970. 
300 |a vii, 275 p. :  |b ill. ;  |c 22 cm. 
504 |a Includes index. 
546 |a eng. 
650 |a Economics 
650 |a Socialism 
942 |c BK 
999 |c 7919  |d 7919